| 000 | 01087cam a2200289 4500 | ||
|---|---|---|---|
| 001 | gs 68000305 | ||
| 003 | DLC | ||
| 005 | 20260227111423.0 | ||
| 008 | 690527s1966 cauac b 001 0 eng c | ||
| 010 | _ags 68000305 | ||
| 040 |
_aU.S. Geological Survey Library _cDLC _dDLC |
||
| 043 | _an-us-ca | ||
| 050 | 0 | 0 |
_aTN24.C2 _bA3 no. 189 |
| 051 |
_aQE375.C32 _bM82 |
||
| 082 | 0 | 0 | _a549.9/794 |
| 100 | 1 |
_aMurdoch, Joseph, _d1890- |
|
| 245 | 1 | 0 |
_aMinerals of California: centennial volume, 1866-1966, _cby Joseph Murdoch and Robert Wallace Webb, with sections by Ian Campbell and Eleanor M. Learned. |
| 260 |
_aSan Francisco, _bCalifornia Division of Mines and Geology, _c1966. |
||
| 300 |
_a559 p. _billus., ports. _c24 cm. |
||
| 350 | _a5.00 | ||
| 490 | 1 |
_aCalifornia. Division of Mines and Geology. Bulletin _v189 |
|
| 504 | _aBibliography: p. 395-515. | ||
| 650 | 0 |
_aMineralogy _zCalifornia. |
|
| 650 | 0 |
_aMines and mineral resources _zCalifornia. |
|
| 700 | 1 |
_aWebb, Robert Wallace, _d1909- _ejoint author. |
|
| 830 | 0 |
_aBulletin (California. Division of Mines and Geology) ; _v189. |
|
| 999 |
_c30514 _d30514 |
||